Dinosauři a prehistorický život : obrazová encyklopedie /

Hlavní autor: Taplin, Sam
Jazyk: Čeština
Vydáno: Praha : Svojtka & Co., 2005
Vydání: 1. české vyd.
Edice: Centrum dětského vzdělávání (Svojtka & Co.)
Témata:
Externí odkaz: Digitalizovaný dokument
Fyzický popis: 64 s. : barev. il. ; 28 cm
Knihy
Uloženo v:
LEADER 02072nam a2200565 a 4500
001 nkc20051584437
003 CZ PrNK
005 20260223123453.0
007 ta
008 051005s2005 xr a b f 001 0 cze
015 |a cnb001584437 
020 |a 80-7352-108-3  |q (váz.) 
035 |a (OCoLC)85163341 
040 |a ABA001  |b cze  |d BOA001 
041 1 |a cze  |h eng 
072 7 |a 56  |x Paleontologie  |2 Konspekt  |9 7 
072 7 |a 0/9-053.2  |x Literatura pro děti a mládež (naučná)  |2 Konspekt  |9 26 
080 |a 598.192  |2 MRF 
080 |a 56:574  |2 MRF 
080 |a 562/564  |2 MRF 
080 |a (0.053.2)  |2 MRF 
080 |a (0.062)  |2 MRF 
100 1 |a Taplin, Sam  |7 xx0005687  |4 aut 
245 1 0 |a Dinosauři a prehistorický život :  |b obrazová encyklopedie /  |c Sam Taplin 
246 3 |a Obrazová encyklopedie Dinosauři a prehistorický život 
250 |a 1. české vyd. 
260 |a Praha :  |b Svojtka & Co.,  |c 2005 
300 |a 64 s. :  |b barev. il. ;  |c 28 cm 
490 1 |a Centrum dětského vzdělávání 
500 |a Obsahuje rejstřík 
500 |a Přeloženo z angličtiny 
500 |a Terminologický slovník 
650 0 7 |a dinosauři  |7 ph114326  |2 czenas 
650 0 7 |a fosilní živočichové  |7 ph114575  |2 czenas 
650 0 7 |a paleoekologie  |7 ph115646  |2 czenas 
650 0 9 |a dinosaurs  |2 eczenas 
650 0 9 |a fossil animals  |2 eczenas 
650 0 9 |a paleoecology  |2 eczenas 
655 7 |a publikace pro děti  |7 fd133156  |2 czenas 
655 7 |a populárně-naučné publikace  |7 fd131864  |2 czenas 
655 9 |a children's literature  |2 eczenas 
655 9 |a popular works  |2 eczenas 
765 0 |t My first encyclopedia of dinosaurs and prehistoric life  |9 Česky 
830 0 |a Centrum dětského vzdělávání (Svojtka & Co.)  |0 s 
856 4 1 |u http://www.digitalniknihovna.cz/mzk/uuid/uuid:80969100-e160-11e6-8010-005056827e51  |y Digitalizovaný dokument  |x NDK 
910 2 |a BOA001  |b 3-1158.820 
990 |a BK 
995 |a 01 
991 |b 200510  |c NOV 
996 6 |b 2610261283  |c 3-1158.820  |l MZK  |r Sklad / do 1 hodiny  |n 5  |p p.v.  |w 000792744  |u 000010  |a 1  |e BOA001  |j MZK50  |s P